An A-Z of english grammar and usage

Gardado en:
Detalles Bibliográficos
Main Authors: Leech, Geoffrey N (Author), Cruickshank, Benita (Author), Ivanic, Roz (Author)
Formato: Libro
Idioma:inglés
Publicado: Londres Edward Arnold 1989
Subjects:
Tags: Engadir etiqueta
Sen Etiquetas, Sexa o primeiro en etiquetar este rexistro!

MARC

LEADER 00000nam a2200000 a 4500
001 UCX0911
003 CL-VaPUC
008 900411e19890000UK |||||||||||||||||eng|d
082 0 4 |a 428.2  |b LEE  |2 21 
100 |a Leech, Geoffrey N  |e author  |9 464882 
700 0 |a Cruickshank, Benita  |e author  |9 316291 
700 |a Ivanic, Roz  |e author  |9 487081 
245 1 3 |a An A-Z of english grammar and usage 
300 |a 575 p 
942 |c BK 
945 |d 19900411 00:00:00 
260 |a Londres  |b Edward Arnold  |c 1989 
650 7 |a INGLES GRAMATICA  |2 CL-VaPUC  |9 313180 
583 |a last modification  |c 19900411 00:00:00  |k Rodrigo Vera 
999 |c 222304  |d 222302 
952 |0 0  |1 0  |4 0  |6 428_200000000000000_LEE_1989  |7 0  |8 A  |9 216802  |a BIBEDU  |b BIBEDU  |d 2019-11-15  |i 2857138  |o 428.2 LEE 1989  |p 2857138  |r 2019-11-15  |w 2019-11-15  |y BK  |k LIT